Homophones Quiz #1 - Statistics

General Stats
  • This quiz has been taken 2,119 times
  • The average score is 9 of 11
Answer Stats
Hint Answer % Correct
1. A number OR 2. Past tense of eat Eight OR Ate
97%
1. To purchase OR 2. To say your farewell Buy OR Bye
96%
1. A orange vegetable OR 2. A measure of weight for precious stones Carrot OR Carat
95%
1. To wail or cry OR 2. A round object used in sports Bawl OR Ball
92%
1. To be correct OR 2. To trace onto paper with pencil, pen etc Right OR Write
91%
1. A metal piece that fits into a lock to move the bolt OR 2. Landing place constructed along edge of the water Key OR Quay
85%
1. a member of an irregular politically motivated armed force OR 2. The largest of the apes Guerrilla OR Gorilla
84%
1. The ability to see OR 2. To quote a passage, book or author Sight OR Cite
79%
1. A famous camera brand OR 2. A mounted gun for firing projectiles Canon OR Cannon
73%
1. A prearranged combat between two people OR 2. Having a twofold, or double in character Duel OR Dual
64%
1. A social position sharing common cultural features OR 2. To throw away Caste OR Cast
22%
No matching quizzes found
Score Distribution
Percent of People with Each Score
Percentile by Number Answered
Your Score History
You have not taken this quiz